ਇੱਛਰਾਂ : (Record no. 111004)

MARC details
000 -LEADER
fixed length control field 00910nam a22002417a 4500
010 ## - LIBRARY OF CONGRESS CONTROL NUMBER
LC control number B-094977
020 ## - INTERNATIONAL STANDARD BOOK NUMBER
Terms of availability 140.00
International Standard Book Number 817143326
035 ## - SYSTEM CONTROL NUMBER
System control number B-094977
037 ## - SOURCE OF ACQUISITION
Stock number Cen Lib/Ret
040 ## - CATALOGING SOURCE
Original cataloging agency DPL
Language of cataloging PA
082 ## - DEWEY DECIMAL CLASSIFICATION NUMBER
Classification number
Item number ਬਸੰਤ
100 ## - MAIN ENTRY--PERSONAL NAME
Personal name ਬਸੰਤ ਕੁਮਾਰ ਰਤਨ
9 (RLIN) 42591
245 ## - TITLE STATEMENT
Title ਇੱਛਰਾਂ :
Statement of responsibility, etc ਬਸੰਤ ਕੁਮਾਰ ਰਤਨ
Remainder of title ਨਾਵਲ /
246 ## - VARYING FORM OF TITLE
Title proper/short title Ichhraan : novel /
Remainder of title by Basant Kumar Rattan
260 ## - PUBLICATION, DISTRIBUTION, ETC. (IMPRINT)
Place of publication, distribution, etc ਅੰਮ੍ਰਿਤਸਰ
Name of publisher, distributor, etc ਰਵੀ ਸਾਹਿਤ ਪ੍ਰਕਾਸ਼ਨ
Date of publication, distribution, etc 2003
270 ## - ADDRESS
Address ਹਾਲ ਬਾਜ਼ਾਰ
City ਅੰਮ੍ਰਿਤਸਰ
300 ## - PHYSICAL DESCRIPTION
Extent 144p ;
Other physical details 24cm(Hb)
650 ## - SUBJECT ADDED ENTRY--TOPICAL TERM
Topical term or geographic name as entry element ਸਾਹਿਤ --ਪੰਜਾਬੀ
9 (RLIN) 132704
650 ## - SUBJECT ADDED ENTRY--TOPICAL TERM
Topical term or geographic name as entry element ਪੰਜਾਬੀ -- ਨਾਵਲ
9 (RLIN) 132705
650 ## - SUBJECT ADDED ENTRY--TOPICAL TERM
Topical term or geographic name as entry element literature--Punjabi
9 (RLIN) 132706
650 ## - SUBJECT ADDED ENTRY--TOPICAL TERM
Topical term or geographic name as entry element Punjabi-- noval
9 (RLIN) 115816
942 ## - ADDED ENTRY ELEMENTS (KOHA)
Source of classification or shelving scheme Dewey Decimal Classification
Koha item type Punjabi Bks
Classification part
Call number suffix ਬਸੰਤ
Holdings
Withdrawn status Lost status Damaged status Not for loan Home library Current library Date acquired Source of acquisition Cost, normal purchase price Total Checkouts Full call number Barcode Date last seen Date checked out Copy number Cost, replacement price Price effective from Koha item type
        Central Library Central Library 11/02/2016 Cen Lib/Ret 140.00 1 ਓ ਬਸੰਤ B-094977 26/07/2017 10/07/2017 1 140.00 11/02/2016 Punjabi Bks

© Delhi Public Library
Hit Counter
free hit counter